00845nam a2200229 a 450000500170000000800410001704000250005804100080008304400070009109000130009810000310011124501180014226000530026030000110031365000200032465000300034465000190037465000140039394200160040799900130042395201790043620191224041535.0140221b1999 ck |||||rm||| 00| 0 spa d aCO-BoIAVHcCO-BoIAVH aspa ack aTEb0108 aMartínez Nieto, Patricia aEvaluación de microorganismos fijadores asimbióticos de nitrógeno en Pinus patula y Lycopersicum esculentum aBogotábPontificia Universidad Javerianac1999 a130 p. aMicroorganismos aFijación de nitrógeno aEctomicorrizas aSimbiosis cTESIS2z01 c589d589 00102z40708TESISIINV2017aBogotabBogotad1998-01-22eMartínez Nieto, Patricial1oTE-0108p000840r2017-02-22 00:00:00s2017-02-22tEj. 1w2012-12-04xDonacionyTESIS